Tanger - Choix multiples - Statistiques

Statistiques générales
  • Ce quiz a été pris 66 fois
  • Le résultat moyen est 6 sur 10
Statistiques - réponses
Question Réponse % Correct
Quel détroit sépare la ville de Tanger de l'Espagne ? Détroit de Gibraltar
97%
A quoi pourrait le plus ressembler à un petit-déjeuner servi à Tanger ?
79%
De quel massif montagneux a Ville de Tanger est à sa périphérie ? Massif du Rif
72%
Quel vent chaud du désert souffle sur la Ville notamment l'été ? Le sirocco (chergui)
69%
Comment s'appelle le nouveau grand port de Tanger inauguré construit entre 2004 et 2007 ? Tanger Med
66%
Comment s'appellent les célèbres grottes naturelles présentes à Tanger ? Les grottes d'Hercule
59%
Quel célèbre festival de jazz se déroule chaque été à Tanger ? Tanjazz
53%
Quelle vue satellite est prise au dessus de la ville de Tanger ?
47%
Qui a prononcé le "discours de Tanger", célèbre discours prononcé à Tanger en faveur de l'affranchissement de son pays du colonialisme et de son émancipation totale, Sidi Mohammed (futur roi du Maroc Mohammed V)
43%
Lequel de ces édifices/lieux ne se trouve PAS à Tanger ?
3%
Aucun quiz correspondant
Distribution des résultats
% des personnes avec chaque résultat
Percentile par nombre de réponses
Votre historique - résultats
Vous n’avez pas pris ce quiz